|
|
|
|
| LEADER |
00000nab a2200000 a 4500 |
| 001 |
vtls000066154 |
| 003 |
SK-MaSNL |
| 005 |
20260303025144.0 |
| 008 |
111103c1980 xo 0 slo |
| 015 |
|
|
|a SNBRB19rr/mm-uuuuu
|
| 035 |
|
|
|a CL0076254
|
| 040 |
|
|
|a SNKBUCL
|b slo
|c SNKBUCL
|e AACR2
|
| 041 |
0 |
|
|a slo
|
| 044 |
|
|
|a xo
|c SK
|
| 080 |
|
|
|a 75
|2 1981
|
| 080 |
|
|
|a 92 Jakabčič, Michal
|2 1981
|
| 100 |
1 |
|
|a Fuchs, Juraj
|4 aut
|9 5052
|
| 245 |
1 |
0 |
|a Vôňa zeme i hlas revolúcie
|b Akademický maliar Michal Jakabčič 50- ročný
|c Juraj Fuchs
|
| 600 |
1 |
7 |
|a Jakabčic, Michal,
|d 1930-2001
|2 snkbucl
|9 115039
|
| 655 |
|
7 |
|a články z novín a časopisov
|2 snkbucl
|9 267496
|
| 773 |
0 |
|
|t Práca
|g Roč. 35, č. 218 (15. 9. 1980), s. 3
|
| 850 |
|
|
|a Slovenská národná knižnica v Martine
|a MTA001
|
| 852 |
|
|
|a SNK
|b KIS3GCP
|
| 958 |
|
|
|a RK
|
| 992 |
|
|
|a RBX
|
| 999 |
|
|
|c 1644729
|d 1646659
|